书目信息 |
| 题名: |
股票操作大全
|
|
| 作者: | 杨基鸿 著 | |
| 分册: | ||
| 出版信息: | 广州 广东经济出版社 1998.01 |
|
| 页数: | 512页 | |
| 开本: | 32开 | |
| 丛书名: | ||
| 单 册: | ||
| 中图分类: | F830.9 | |
| 科图分类: | ||
| 主题词: | 金融 , 银行 | |
| 电子资源: | ||
| ISBN: | 7-80632-187-X | |
| 000 | 00554nam0 2200205 45 | |
| 001 | 0010220857 | |
| 005 | 20001022084418.8 | |
| 010 | @a7-80632-187-X@d30.80元 | |
| 100 | @a20001022d1998 km y0chiy0120 ea | |
| 101 | 0 | @achi |
| 105 | @a z 000yy | |
| 200 | 1 | @a股票操作大全@AGu Piao Cao Zuo Da Quan@f杨基鸿 著@FYang Ji Hong Zhu |
| 210 | @a广州@c广东经济出版社@d1998.01 | |
| 215 | @a512页@d32开 | |
| 606 | 0 | @a金融 |
| 606 | 0 | @a银行 |
| 690 | @aF830.9@v3 | |
| 701 | 0 | @a杨基鸿@4著 |
| 801 | @aCN@bPftUser@c20001022 | |
| 905 | @b181200-204@dF830.9@eY321@f5 | |
| 股票操作大全/杨基鸿 著.-广州:广东经济出版社,1998.01 |
| 512页;32开 |
| ISBN 7-80632-187-X:30.80元 |
| ● |
| 相关链接 |
|
|
|
正题名:股票操作大全
索取号:F830.9/Y321
 
预约/预借
| 序号 | 登录号 | 条形码 | 馆藏地/架位号 | 状态 | 备注 |
| 1 | 181200 | 201812002 | 社科库409/ [索取号:F830.9/Y321] | 在馆 | |
| 2 | 181201 | 201812011 | 社科库409/ [索取号:F830.9/Y321] | 在馆 | |
| 3 | 181202 | 201812020 | 社科库409/ [索取号:F830.9/Y321] | 在馆 | |
| 4 | 181203 | 201812039 | 社科库409/400B社科库 2排3列5层/ [索取号:F830.9/Y321] | 在馆 | |
| 5 | 181204 | 201812048 | 社科库409/ [索取号:F830.9/Y321] | 在馆 |